03372nam a2200229Ia 450000500170000000800410001704000440005804100130010208200140011510000330012924200770016224502090023925001580044826001510060630000770075750008990083450512850173350600210301854600410303965000160308065000460309620180724134053.0130821s1718 sp fr 1 mulsd aCo-BoUCMbspacSandra YazodSandra Yazo0 aspaalat04a291.52201 aCorella, Jaime ded1657-169900aSuma de la teología moralcSu autor ... Fr. Jaime de Corrella ...yspa10aSuma de la theologia moralbParte primera [-tercera].cSu autor ... Fr. Jayme de Corrella ...pSu materia, los tratados más principales de casos de conciencia ;pSu forma, unas conferencias prácticas. aDezimatercia impression [Decimotercera impresión], bcorregida por el autor de innumerables erratas que se han cometido en las impresiones antecedentes aMadrid (España)bEn la imprenta de Manuel Romàn ; A costa de los herederos de Gabriel de Leon ; Por la viuda de Juan García Infançonc1718 a2 volúmenes (xxiv, 452, [44] ; [10], 448, [12] páginas)c30 x 22 cm. aDetalles físicos: Encuadernación Flexible en pergamino. Tapas y lomo arrugado, roto, manchado. Guardas desprendidas y rotas. Anteportada. Portada impresa en dos tintas enmarcado en una orla decorativa y un grabado con la marca tipográfica de los editores. Dedicatoria. Aprobaciones y licencias. Privilegio real. Fe de erratas. Tasación. Índice inicial. Texto impreso en dos columnas, con varios tipos y tamaños de letra. Cenefas y remates sencillos. Mayúsculas capitales. Signaturas y reclamos. Partes divididas en parágrafos y párrafos numerados. V.1-2 con deterioro en tapa delantera, pergamino rasgado y restaurado, guarda delantera con anotación manuscrita de propiedad y otra de donación en guarda posterior. Perforaciones de insectos. V.3 Tapa con rotura en la posterior. Guarda delantera y al verso con anotación de propiedad. Ejemplar empieza a desencuadernarse 0 aV.1-2: Introducción -- La conciencia ; Los pecados ; Lo voluntario ; Lo libre ; La ignorancia ; Bondad y malicia de los actos humanos ; Pecado venial y mortal ; Distinción de los pecados ; La ley: esencia, naturaleza y promulgación -- Sacramentos en general ; El bautismo: esencia, definición y división ; La confirmación: Naturaleza, ministro y sujeto ; La penitencia: Naturaleza, obligación y efectos ; La contrición: Validez del sacramento ; Integridad de la confesión ; Circunstancias de los pegados ; Precepto de la confesión ; Ministro del sacramento de la penitencia ; El sigilo de la confesión -- Tratado III noticia, censura, impugnación, y explicación de las treinta y una proposiciones condenadas por el Papa Alejandro VIII -- V.3: La eucaristía: Institución, naturaleza y necesidad ; Materia y forma de la eucaristía ; La transubstanciación ; Ministro de la eucaristía ; Disposiciones para recibirla ; efectos de la eucaristía ; Sacrificio de la misa: Naturaleza y partes esenciales; Forma como se ha de celebrar la misa ; Sacramento de la extremaunción: Naturaleza, ministro y ritos ; Sujetos y efectos ; Sacramento del orden: Institución de este sacramento ; Materia y forma ; Ministro y sujeto del sacramento ; Requisitos aConsulta en sala aTexto en español antiguo y latín 7aSacramentos 7aTeología moralxObras anteriores a 1800